| 000 | 01783nam a22003017a 4500 | ||
|---|---|---|---|
| 001 | 9220 | ||
| 003 | FISKH | ||
| 005 | 20251203100245.0 | ||
| 008 | 251203b cb ||||| |||| 00| 0 eng d | ||
| 020 | _a9789996388088 | ||
| 040 |
_aFISKH _bkhr _cFISKH _dFISKH |
||
| 050 | _aPZ7 | ||
| 082 | _a398.2 | ||
| 100 | _aSocheata , Soth | ||
| 245 |
_aធ្វើមិត្តល្អបានទេ ? : _bCan we become good friend ? / _cនិពន្ធដោយ អ្នកស្រី សុត សុជាតា , ពិនិត្យអក្ខរាវិរុទ្ធភាសាខ្មែរ ឯកឧត្តមសាស្រ្តាចារ្យបណ្ឌិត ខៀវ កុសល |
||
| 260 |
_aភ្នំពេញ : _bគ្រឹះស្ថានបោះពុម្ពផ្សាយសៀវភៅប្រាជ្ញា , _c២០១៥ . |
||
| 300 |
_a17 pages : _bcolor illustrations ; _c26 cm . |
||
| 505 | _aJ | ||
| 520 | _aមេឃ និង ដារ៉ា បានសុំគ្នាធ្វើជាមិត្ត ទោះបីគេមានចំនង់ចំនូលចិត្តមិនសូវដូចគ្នាក៏ពួកគេព្យាយាមសម្របរកគ្នាដែរ ។ | ||
| 520 | _aMeh and Dara agreed to become friends. Even though their interests were not very similar, they still tried to adjust and understand each other. | ||
| 521 | 8 |
_a480
_bLexile estimate |
|
| 521 | 8 |
_aJ
_bRaz-Plus |
|
| 650 |
_aធ្វើមិត្តល្អបានទេ ? _vរឿងនិទានកុមារ |
||
| 650 |
_aCan we become good friend ? _vChildren's Stories |
||
| 700 |
_aSocheata , Soth _eIllustrator |
||
| 942 |
_2ddc _cKHB _n0 |
||
| 999 |
_c9220 _d9220 |
||